| 000 -LEADER |
| fixed length control field |
00363 a2200157 4500 |
| 003 - CONTROL NUMBER IDENTIFIER |
| control field |
OSt |
| 005 - DATE AND TIME OF LATEST TRANSACTION |
| control field |
20240801120040.0 |
| 008 - FIXED-LENGTH DATA ELEMENTS--GENERAL INFORMATION |
| fixed length control field |
240801b ||||| |||| 00| 0 eng d |
| 020 ## - INTERNATIONAL STANDARD BOOK NUMBER |
| International Standard Book Number |
9781858946658 |
| 082 ## - DEWEY DECIMAL CLASSIFICATION NUMBER |
| Classification number |
712 |
| 100 ## - MAIN ENTRY--PERSONAL NAME |
| Personal name |
Jorge Sánchez |
| 245 ## - TITLE STATEMENT |
| Title |
The Making of Three Gardens |
| 260 ## - PUBLICATION, DISTRIBUTION, ETC. (IMPRINT) |
| Name of publisher, distributor, etc |
Merrell Publishers |
| Date of publication, distribution, etc |
2017 |
| 300 ## - PHYSICAL DESCRIPTION |
| Extent |
205p; |
| 942 ## - ADDED ENTRY ELEMENTS (KOHA) |
| Source of classification or shelving scheme |
|